Hướng dẫn lập báo cáo đánh giá tác động tới môi trường dự án sản xuất xi măng
Đã lưu trong:
| 格式: | 图书 |
|---|---|
| 出版: |
Hà Nội
2009
|
| 标签: |
添加标签
没有标签, 成为第一个标记此记录!
|
| Thư viện lưu trữ: | Trung tâm Học liệu Lê Vũ Hùng, Trường Đại học Đồng Tháp |
|---|
| LEADER | 00594pam a22001818a 4500 | ||
|---|---|---|---|
| 001 | 00038936 | ||
| 005 | 20171026081025.0 | ||
| 008 | 170517s2009 ||||||Viesd | ||
| 041 | 0 | # | |a Vie |
| 082 | 1 | 4 | |a 363.7 |b H561D |
| 245 | 1 | 0 | |a Hướng dẫn lập báo cáo đánh giá tác động tới môi trường dự án sản xuất xi măng |
| 260 | # | # | |a Hà Nội |c 2009 |
| 300 | # | # | |a 80tr. |c 29 cm |
| 852 | # | # | |j KD.1002344 |b Kho đọc |
| 910 | |d 17/05/2017 | ||
| 980 | # | # | |a Trung tâm Học liệu Lê Vũ Hùng, Trường Đại học Đồng Tháp |